Weiter zum Inhalt

Квалификация преступлений: законодательство, теория, судебная практика Монография

Gespeichert in:
Bibliographische Detailangaben
1. Verfasser: Дуюнов В.К
Format: Монография
Ausgabe:1
Schriftenreihe:Научная мысль
Online Zugang:https://znanium.com/catalog/document?id=157153
https://znanium.com/cover/0395/395417.jpg
Tags: Tag hinzufügen
Keine Tags, Fügen Sie den ersten Tag hinzu!
LEADER 02068nam0a2200349 i 4500
001 RU\infra-m\znanium\bibl\395417
003 https://znanium.com/catalog/document?id=157153
005 20250612000000.0
010 |a 978-5-369-01090-7 
010 |a 978-5-369-01090-7  |b ISBN соиздателя 
100 |a 20250612d2012 m y0rusy0150 ca 
101 0 |a rus 
102 |a RU 
200 1 |a Квалификация преступлений: законодательство, теория, судебная практика  |e Монография  |f Тольяттинский государственный университет  |g Тольяттинский государственный университет 
205 |a 1 
210 1 |a Москва  |c Издательский Центр РИОР  |d 2013 
215 |a 372 с. 
225 1 |a Научная мысль 
333 |a Дополнительное профессиональное образование 
606 |a Право. Юридические науки  |x Уголовное право  |2 local 
608 |a Монография  |2 local 
675 |a 343.23(075.4)  |z rus 
686 |a 67.408  |2 rubbk 
686 |a 40.03.01  |2 okso 
686 |a 40.04.01  |2 okso 
686 |a 44.03.05  |2 okso 
700 1 |a Дуюнов  |b В.К.  |g Владимир Кузьмич  |p Тольяттинский государственный университет 
701 1 |a Хлебушкин  |b А.Г.  |g Артем Геннадьевич  |p Санкт-Петербургский университет Министерства внутренних дел России 
712 0 2 |a Тольяттинский государственный университет 
801 0 |a RU  |b Общество с ограниченной ответственностью «ЗНАНИУМ»  |c 20121030  |2 rusmarc 
856 4 |a znanium.com  |m ebs_support@infra-m.ru  |n НИЦ ИНФРА-М  |u https://znanium.com/catalog/document?id=157153 
856 4 1 |a znanium.com  |d /cover/0395  |f 395417.jpg  |q image/jpeg  |u https://znanium.com/cover/0395/395417.jpg